Urban politics in Nigeria : (Record no. 7485)

MARC details
000 -LEADER
fixed length control field 00527cam a2200181 i 4500
001 - CONTROL NUMBER
control field 1652764
003 - CONTROL NUMBER IDENTIFIER
control field NG-AbAUS
005 - DATE AND TIME OF LATEST TRANSACTION
control field 20230319005601.0
008 - FIXED-LENGTH DATA ELEMENTS--GENERAL INFORMATION
fixed length control field 750129s1974 caub bs 001 0 eng
020 ## - INTERNATIONAL STANDARD BOOK NUMBER
International Standard Book Number 0520024516
040 ## - CATALOGING SOURCE
Original cataloging agency DLC
Transcribing agency DLC
Modifying agency ZCU
082 ## - DEWEY DECIMAL CLASSIFICATION NUMBER
Classification number 320.9/669/4
100 1# - MAIN ENTRY--PERSONAL NAME
Personal name Wolpe, Howard.
9 (RLIN) 511
245 10 - TITLE STATEMENT
Title Urban politics in Nigeria :
Remainder of title a study of Port Harcourt /
Statement of responsibility, etc by Howard Wolpe.
260 ## - PUBLICATION, DISTRIBUTION, ETC. (IMPRINT)
Place of publication, distribution, etc Berkeley :
Name of publisher, distributor, etc University of California Press,
Date of publication, distribution, etc 1974.
300 ## - PHYSICAL DESCRIPTION
Extent xiv, 314 p. :
Other physical details maps ;
Dimensions 24 cm.
942 ## - ADDED ENTRY ELEMENTS (KOHA)
Source of classification or shelving scheme Dewey Decimal Classification
Item type Book

No items available.